| 000 | 00474nam a2200145Ia 4500 | ||
|---|---|---|---|
| 008 | 170221s9999 xx 000 0 und d | ||
| 100 | _aC. Richard Torrisi | ||
| 245 | _aFDI in Hungary and Slovakia: the experience of smaller EU economies | ||
| 245 | _cC. Richard Torrisi, Suffolk University. | ||
| 260 | _bJournal of Management and Marketing Research | ||
| 260 | _c2013 | ||
| 300 | _a2 : 2 | ||
| 650 | _xBusiness | ||
| 856 | _uhttp://www.aabri.com/manuscripts/152240.pdf | ||
| 999 |
_c313333 _d313333 |
||